=LDR 00000nam 2200000 4500 =001 INLIS000000000037634 =005 20130612143346 =008 ***********************************Ind** =035 ##$$0010-061300000037634 =041 ##$$a Ind =082 ##$$a 302.2 =090 ##$$a 302.2, Dev k =100 ##$$a Devito, Joseph A =245 ##$$a Komuniksi antar manusia, Joseph A Devito ; alih bahasa, Agus Maulana ; editor, Lyndon Saputra =260 ##$$a 2011 $b Jakarta =300 ##$$a 599 hlm, ilus, 23 cm =650 ##$$a Kominikasi =700 ##$$a Maulana, Agus =850 ##$$a NBPNMAT